|
|
|
|
| LEADER |
00929nam a2200229 a 4500 |
| 001 |
JAM01-000075487 |
| 008 |
091001s1994 nyua b 001 0 eng d |
| 020 |
|
|
|a 0192624849
|
| 040 |
|
|
|a JHW
|c JHW
|d EOW
|d YKJ
|
| 082 |
0 |
0 |
|a 305.23/09172/4
|2 20
|
| 100 |
1 |
|
|a Grant, James P.
|
| 245 |
0 |
4 |
|a The state of the world's children 1994 /
|c James P. Grant.
|
| 260 |
|
|
|a Oxford ;
|a New York :
|b Oxford University Press for UNICEF,
|c 1994.
|
| 300 |
|
|
|a 87 p. :
|b ill. ;
|c 26 cm.
|
| 504 |
|
|
|a Includes bibliographical references and index.
|
| 541 |
1 |
|
|e 00015659
|
| 650 |
|
0 |
|a Children
|z Developing countries
|
| 651 |
0 |
|
|a Developing countries
|x Children.
|
| 710 |
2 |
|
|a UNICEF.
|
| 852 |
4 |
|
|a Ayesha Abed Library
|j General shel
|
| 999 |
|
|
|c 4115
|d 4115
|
| 952 |
|
|
|0 0
|1 0
|2 ddc
|4 0
|6 305_230917240000000_GRA_1994
|7 0
|9 3787
|a BRACUL
|b BRACUL
|c GEN
|d 2009-10-03
|g 0.00
|l 0
|o 305.23091724 GRA
|p 3010015659
|r 2009-10-03
|t 1
|w 2009-10-03
|y BK
|x No price found in the accession register.
|